| 000 | 00665nam a2200229Ia 4500 | ||
|---|---|---|---|
| 003 | OSt | ||
| 005 | 20220925193920.0 | ||
| 006 | a|||||r|||| 00| 0 | ||
| 007 | ta | ||
| 008 | =008 220923b |||||||| |||| 00| 0 tam d | ||
| 037 | _cGeneral Book | ||
| 040 |
_aRTL _cRTL _btaml |
||
| 041 |
_2tam _atam |
||
| 082 | _aB37, M2/SC | ||
| 100 |
_aROOIJ A.C.M. Van _9249727 |
||
| 245 | 0 | _aSecond course on real functions. | |
| 260 |
_aCambridge _bCambridge University Press _c1982 |
||
| 300 |
_axiii,200p. _ccm. |
||
| 700 |
_a SCHIKHOF W.H. _9248327 |
||
| 942 |
_hB37, M2/SC _cGB _2CC |
||
| 999 |
_c527555 _d527555 |
||